书目信息 |
| 题名: |
刑事诉讼法学
|
|
| 作者: | 陈光中 , 徐静村 主编 | |
| 分册: | ||
| 出版信息: | 北京 中国政法大学出版社 2000.05 |
|
| 页数: | 528页 | |
| 开本: | 32开 | |
| 丛书名: | ||
| 单 册: | ||
| 中图分类: | D915.3 | |
| 科图分类: | ||
| 主题词: | 法学--部门 | |
| 电子资源: | ||
| ISBN: | 7-5620-1882-0 | |
| 000 | 00606nam0 2200205 45 | |
| 001 | 0010241543 | |
| 005 | 20001024151849.7 | |
| 010 | @a7-5620-1882-0@d24.00元 | |
| 100 | @a20001024d2000 km y0chiy0120 ea | |
| 101 | 0 | @achi |
| 105 | @a z 000yy | |
| 200 | 1 | @a刑事诉讼法学@AXing Shi Su Song Fa Xue@f陈光中,徐静村主编@FChen Guang Zhong,Xu Jing Cun Zhu Bian |
| 210 | @a北京@c中国政法大学出版社@d2000.05 | |
| 215 | @a528页@d32开 | |
| 606 | 0 | @a法学@x部门 |
| 690 | @aD915.3@v3 | |
| 701 | 0 | @a陈光中@4主编 |
| 701 | 0 | @a徐静村@4主编 |
| 801 | @aCN@bPftUser@c20001024 | |
| 905 | @b185870-874@dD915.3@eCH965@f5 | |
| 刑事诉讼法学/陈光中,徐静村主编.-北京:中国政法大学出版社,2000.05 |
| 528页;32开 |
| ISBN 7-5620-1882-0:24.00元 |
| ● |
| 相关链接 |
|
|
|
正题名:刑事诉讼法学
索取号:D915.3/CH965
 
预约/预借
| 序号 | 登录号 | 条形码 | 馆藏地/架位号 | 状态 | 备注 |
| 1 | 185870 | 201858702 | 社科库509/509社科库 82排4列2层/ [索取号:D915.3/CH965] | 在馆 | |
| 2 | 185871 | 201858711 | 社科库509/509社科库 82排4列2层/ [索取号:D915.3/CH965] | 在馆 | |
| 3 | 185872 | 201858720 | 社科库509/509社科库 82排4列2层/ [索取号:D915.3/CH965] | 在馆 | |
| 4 | 185873 | 201858739 | 社科库509/ [索取号:D915.3/CH965] | 在馆 | |
| 5 | 185874 | 201858748 | 社科库509/509社科库 82排4列2层/ [索取号:D915.3/CH965] | 在馆 |